00000000nam 2200000zi 4500
0019.938652
003CaOODSP
00520241121155713
006m     o  d f      
007cr |n|||||||||
008240524e197605  oncdb   ob   f000 0|eng d
040 |aCaOODSP|beng|erda|cCaOODSP
043 |an-cn---
0861 |aC23-316/1976E-PDF
24500|aReport on port development including Canadian capabilities : |bfinancing and export opportunities.
264 1|a[Ottawa] : |bTransportation Industries Branch, Department of Industry, Trade and Commerce,|cMay 1976.
300 |a1 online resource (289 pages) : |bgraphs, maps
336 |atext|btxt|2rdacontent
337 |acomputer|bc|2rdamedia
338 |aonline resource|bcr|2rdacarrier
500 |aDigitized edition from print [produced by Innovation, Science and Economic Development Canada].
500 |aIssued also in French under title: Rapport sur l'aménagement des ports et données touchant les compétences canadiennes, le financement et les possibilités d'exportation dans ce domaine.
504 |aIncludes bibliographical references.
650 0|aHarbors|xDesign and construction.
650 0|aHarbours|xFinance.
650 0|aExports|zCanada.
7101 |aCanada. |bDepartment of Industry, Trade and Commerce, |eissuing body.
77508|tRapport sur l'aménagement des ports et données touchant les compétences canadiennes, le financement et les possibilités d'exportation dans ce domaine.|w(CaOODSP)9.945439
85640|qPDF|s5.78 MB|uhttps://publications.gc.ca/collections/collection_2024/isde-ised/c23/C23-316-1976-eng.pdf